| 000 | 00408nam a2200145Ia 4500 | ||
|---|---|---|---|
| 041 | _aArabic | ||
| 082 | _a810,813 cut-89 ح | ||
| 100 | _a20260118u\\\\\\\\\\\y0engy0103\\\\ba | ||
| 100 | _aمصطفى خوشناڤ حمو | ||
| 245 | 0 | _aملحمة سيامند وخجه - دراسة نقدية - | |
| 250 | _aط1 | ||
| 260 |
_bمطبعة الثقافة _aاربيل _c2009 |
||
| 300 | _a110 | ||
| 942 | _cBk | ||
| 999 |
_c187668 _d187668 |
||